000 00587nam a2200181Ia 4500
008 151202s9999||||xx |||||||||||||| ||und||
082 _bPNVM-57976
100 _aभिडे चारुशिला.
245 _aस्वप्नझुला.
260 _b"कल्पना बुक डीलर्स,पुणे."
260 _c0
300 _a160
600 _aभिडे चारुशिला.
630 _aस्वप्नझुला.
700 _aभिडे चारुशिला.
730 _aस्वप्नझुला.
942 _cBOOK
999 _c1324514
_d1324511